Rzeczownik, w którym występują obok siebie dwie litery „n”. - Statystyki

Ogólne statystyki
  • Ten quiz został rozwiązany 12 razy
  • Średni wynik to 1 z 6
Statystyki odpowiedzi
Hint Odpowiedź % Poprawnych
2. Wanna
100%
6. Brytfanna
10%
3. Cennik
10%
1. Dziennik
10%
4. Mennica
10%
5. Fontanna
0%
Nie znaleziono quizów pasujących do podanych kryteriów
Rozkład punktacji
Procent ludzi z każdym wynikiem
Percentyl według liczby udzielonych odpowiedzi
Twoja historia wyników
Nie rozwiązałeś tego quizu